000 01332cam a2200289 4500500
005 20251228071257.0
041 _afre
042 _adc
100 1 0 _aDelval, Jean
_eauthor
245 0 0 _aDe l'effet de la culture dans la lutte contre la fascisation des esprits
260 _c2003.
500 _a51
520 _aLa culture populaire critique et fondamentale parce que la fiction qui habite toute culture développe l’imaginaire, source de progrès et médiatise ou dialectise les revendications.
520 _aJEAN DELVAL. « About the effect of culture in the struggle against the growing fascism in people's minds ». Critical popular culture is fundamental because the fiction that inhabits any culture, develops the imagination that is the source of progress and that mediatizes the claims or establishes dialectical connections between them.
690 _acritique
690 _aculture
690 _aculture populaire
690 _aémocratie culturelle
690 _afascisation
690 _acritical
690 _acultural democracy
690 _aculture
690 _afascism
690 _apopular culture
786 0 _nPensée plurielle | 5 | 1 | 2003-03-01 | p. 41-47 | 1376-0963
856 4 1 _uhttps://shs.cairn.info/revue-pensee-plurielle-2003-1-page-41?lang=fr&redirect-ssocas=7080
999 _c1593498
_d1593498